|
|
|
|
| LEADER |
01101nam a2200325 i 4500 |
| 001 |
3370 |
| 003 |
BD-DhAAL |
| 005 |
20151012140940.0 |
| 008 |
151012s1981 nyua b 001 0 eng |
| 010 |
|
|
|a 80017659
|
| 020 |
|
|
|a 0070663289
|
| 020 |
|
|
|a 0070287732 :
|c $16.95 (est.)
|
| 040 |
|
|
|a DLC
|c DLC
|d DLC
|d BD-DhAAL
|
| 050 |
0 |
0 |
|a HD31
|b .H484 1981
|
| 082 |
0 |
0 |
|a 658
|
| 100 |
1 |
|
|a Hicks, Herbert G.
|9 15370
|
| 245 |
1 |
0 |
|a Management /
|c Herbert G. Hicks, C. Ray Gullett.
|
| 250 |
|
|
|a 4th ed.
|
| 260 |
|
|
|a New York :
|b McGraw-Hill,
|c c1981.
|
| 300 |
|
|
|a xx, 668 p. :
|b ill. ;
|c 25 cm.
|
| 490 |
0 |
|
|a McGraw-Hill series in management
|
| 500 |
|
|
|a Third ed. (c1976) published under title: The management of organizations.
|
| 504 |
|
|
|a Includes bibliographies and indexes.
|
| 541 |
|
|
|e 3370
|
| 650 |
|
0 |
|a Management.
|9 15371
|
| 650 |
|
0 |
|a Organization.
|9 15372
|
| 700 |
1 |
|
|a Gullett, C. Ray,
|e joint author.
|9 15373
|
| 942 |
|
|
|2 ddc
|c BK
|
| 999 |
|
|
|c 35780
|d 35780
|
| 952 |
|
|
|0 0
|1 0
|2 ddc
|4 0
|6 658_000000000000000_HIC
|7 0
|9 56280
|a SCL
|b SCL
|c GEN
|d 2015-10-12
|l 0
|o 658 HIC
|p 3020003370
|r 2015-10-12
|t 1
|w 2015-10-12
|y BK
|